| 000 | 00348nam a22001577a 4500 | ||
|---|---|---|---|
| 005 | 20160622115815.0 | ||
| 008 | 160622b xxu||||| |||| 00| 0 eng d | ||
| 041 | _aeng | ||
| 082 | _b8991 | ||
| 100 |
_aRamesamy, T _92489 |
||
| 245 | _aPrinciples of Management | ||
| 260 |
_bHPH _c2008 |
||
| 300 | _a336 | ||
| 650 |
_aManagement _9241 |
||
| 942 | _cBK | ||
| 999 |
_c3540 _d3539 |
||